000 00292nam a22001337a 4500
003 SGT
082 _a617.522
_bF25D
100 _aDawar, Sameera
245 _aFacial Asymmetry
260 _bSGT University
_c2025
300 _a178
650 _aOral & Maxillofacial Surgery
942 _2ddc
_cTH
999 _c31382
_d31382